| 000 | 00655nam a2200205 a 4500 | ||
|---|---|---|---|
| 005 | 20230620063638.0 | ||
| 008 | 991125s1991 mad 000 0 spa u | ||
| 020 | _a8477740836 | ||
| 035 | _aUPN01000009845 | ||
| 049 | _aCG | ||
| 050 | 4 |
_aHQ784 M3 _bB7.4 |
|
| 100 | 1 | _aBrown, Laurene Krasny | |
| 245 | 1 | 0 |
_aCómo utilizar bien los medios de comunicación : _bmanual para los padres y maestros / _cLaurene Krasny Brown ; tr. Jaime Collyer. |
| 260 |
_aMadrid : _bAprendizaje Visor, _c1991. |
||
| 300 | _a209 p. | ||
| 440 | 0 |
_aAprendizaje ; _v83 |
|
| 650 | 4 |
_aMedios masivos de comunicación _99547 |
|
| 650 | 4 |
_aTelevisión y niños _91519 |
|
| 905 | _aLibro | ||
| 999 |
_c9845 _d9845 |
||